000 00607nam a22001817a 4500
005 20251108175211.0
008 250721s1990 xx 000 0 ara d
082 1 4 _a810.09/جار
100 1 _aجار الله، زهدي
245 1 0 _aصرخة الروح نظرات في الادب والتاريخ والاجتماع /
264 1 _aبيروت _ لبنان :
_bالمؤسسة العربية للدراسات والنشر،
_c1990.
300 _a304ص.
650 1 7 _aالادب العربي
650 1 7 _aالنقد الادبي
650 1 7 _aالتاريخ
942 _2ddc
_cBK
999 _c128538
_d128538